|
|
|
|
| LEADER |
01076nam a22002057i 4500 |
| 003 |
GR-PaULI |
| 005 |
20210117210503.0 |
| 008 |
171023s1992 gr ||||| |||| 00| 0 gre d |
| 040 |
|
|
|a GR-PaULI
|b gre
|c GR-PaULI
|e AACR2
|
| 082 |
0 |
4 |
|2 23
|a 880.4
|
| 100 |
1 |
|
|a Μπάρμπας, Ιωάννης Α.
|e συγγραφέας
|9 103959
|
| 245 |
1 |
0 |
|a Φιλολογικές και διδακτικές δοκιμές στους κλασσικούς :
|b Όμηρος, Αρχίλοχος, Τραγικοί, Θουκυδίδης /
|c Ιωάννης Αχ. Μπάρμπας.
|
| 260 |
|
|
|a Θεσσαλονίκη :
|b Βάνιας,
|c 1992.
|
| 300 |
|
|
|a 164 σ. ;
|b 24 εκ.
|
| 504 |
|
|
|6 Περιλαμβάνει βιβλιογραφικές σημειώσεις.
|
| 650 |
|
4 |
|9 77193
|a Ελληνικό δράμα
|x Μελέτη και διδασκαλία
|
| 942 |
|
|
|2 ddc
|c BK15
|
| 952 |
|
|
|0 0
|1 0
|2 ddc
|4 0
|6 880_400000000000000_ΜΠΑ
|7 0
|9 216565
|a THST
|b THST
|d 2017-10-23
|i 006976
|l 0
|o 880.4 ΜΠΑ
|p 025000017485
|r 2017-10-23 00:00:00
|t 1
|v 2017.00
|w 2017-10-23
|y BK15
|
| 998 |
|
|
|c ΜΑΝΙΑ
|d 2016-10
|
| 999 |
|
|
|c 131337
|d 131337
|